| 000 | 00652nam a2200181 4500 | ||
|---|---|---|---|
| 001 | 113908 | ||
| 003 | ES-MaACL | ||
| 005 | 20230906190030.0 | ||
| 007 | t| | ||
| 008 | 061121s1952 sp r ||||1| spa d | ||
| 100 | 1 |
_aPage, Víctor W. _988267 |
|
| 245 | 1 | 0 |
_aABC de la aviación _b: exposición simplificada / _cVíctor W. Page ; traducido de la segunda edición norteamericana. |
| 250 |
_a2ª ed. _bcon un apéndice sobre la propulsión por reacción por Antonio Armangué. |
||
| 260 |
_aBarcelona : _bGustavo Gili, _c[1952?] |
||
| 300 |
_a472 p. : _bil ; _c22 cm. |
||
| 700 | 1 |
_aArmangué, Antonio. _922914 |
|
| 852 |
_aES-MaACL _jD-9300 _bR.34123 |
||
| 999 |
_c113908 _d113908 |
||